L'estate addosso /

Đã lưu trong:
Chi tiết về thư mục
Tác giả chính: Jovanotti (Nhà soạn nhạc)
Tác giả khác: Caimi, Paolo (Nhiếp ảnh gia), Muccino, Gabriele (Giám đốc), Pacitto, Brando (Diễn viên), Nall, Dale (Người viết kịch bản), Lutz, Matilda (Diễn viên), Frey, Taylor (Diễn viên), Haro, Joseph (Diễn viên), Bakula, Scott (Diễn viên)
Định dạng: Slide
Ngôn ngữ:Tiếng Italy
Được phát hành: Roma : Rai Cinema : 01 Distribution, [2017]
Các nhãn: Thêm thẻ
Không có thẻ, Là người đầu tiên thẻ bản ghi này!

MARC

LEADER 00000ngm a22000007i 4500
001 IT\ICCU\LO1\1680406
003 ItRI
005 20260502134310.0
008 170717s2017 it |||||||||||||||k|||||c
028 4 2 |a 06609 
040 |b ita  |c Centro di documentazione Omologie (CIG Arcigay Milano) 
041 7 |a ita  |2 ISO-639-2 
130 2 |a L'estate addosso <film ; 2016> 
245 0 2 |a L'estate addosso /  |c un film di Gabriele Muccino ; scritto da Gabriele Muccino ; con la collaborazione di Dale Nall ; fotografia Paolo Caimi ; musiche originali di Lorenzo Jovanotti Cherubini. 
260 |a Roma :  |b Rai Cinema :  |b 01 Distribution,  |c [2017] 
300 |a 1 blu-ray disc (ca. 103 min.) ;  |c in contenitore, 17 cm 
500 |a Caratteristiche tecniche: regione B; 2.40:1 aspect ratio, AVC 1920x1080, 24p; BD-25; Dolby digital 5.1 DTS-HD Master Audio; color 
500 |a Titolo del contenitore 
500 |a Produzione cinematografica Italia 2016 
500 |a Interpreti: Brando Pacitto, Matilda Lutz, Taylor Frey, Joseph Haro, Scott Bakula 
500 |a Lingue: italiano; sottotitoli: italiano non udenti. 
700 1 |a Caimi, Paolo  |0 IT\ICCU\DDSV\285001  |4 pht 
700 1 |a Muccino, Gabriele  |0 IT\ICCU\FERV\075197  |4 drt 
700 1 |a Pacitto, Brando  |0 IT\ICCU\LO1V\417696  |4 act 
700 1 |a Nall, Dale  |0 IT\ICCU\LO1V\451402  |4 sce 
700 1 |a Lutz, Matilda  |0 IT\ICCU\MODV\661457  |4 act 
700 0 |a Jovanotti  |0 IT\ICCU\RAVV\092953  |4 cmp 
700 1 |a Frey, Taylor  |0 IT\ICCU\TO0V\690935  |4 act 
700 1 |a Haro, Joseph  |0 IT\ICCU\TO0V\690936  |4 act 
700 1 |a Bakula, Scott  |0 IT\ICCU\UBOV\820544  |4 act 
942 |2 ddc  |c VM  |n 0 
952 |0 0  |1 0  |2 ddc  |4 0  |6 791_430000000000000_EST_MUC  |7 0  |9 33371  |a MI  |b MI  |d 2026-05-02  |l 0  |o 791.43 EST MUC  |p 11870  |r 2026-05-02 13:46:31  |w 2026-05-02  |y VM 
981 1 |6 z01  |a b   |b xa2e  
982 1 |6 z01  |a g 
999 |c 28979  |d 28979